000 00582cam a2200205 4500
001 D8984
008 090401t1971 xxu||||| |||| 00| 0 eng d
035 _a(Sirsi) u16638
041 _aeng
050 _a621.3003
110 _aStandard Method of Measurement
_93245
245 _aElectrical Engineering. Standard method of measurement for electrical construction works
260 _aLondon
_bStandard Methods Publications
_c1971
300 _a17p. 30cm
350 _a1
650 _aELECTRICAL SERVICES
650 _aENGINEERING SERVICES
942 _n0
948 _c04/03/1997
999 _c87439
_d87439